000 00845nam a2200265Ia 4500
001 Para_3298
003 CHAP
008 220125s9999 xx 000 0 und d
010 _a201741
040 _cCHAP
082 _aPA-C 595.77 D5
100 _aAldrich, J. M.
_93719
245 _aNotes on francis walker's types of North american flies of the family Tachnidae /
_c by J. M. Aldrich
440 _aDíptera ; 6
_9164823
500 _aSobretiro de: Proceedings U. S. National Museum 80 (2910): 1-16. Encuadernado con otros impresos similares
650 _aDípteros
_933715
650 _aTachinidae
_9111320
901 _aPA-C 595.77 D5
902 _aA
905 _a000000 0000000000 00
910 _a
942 _cPARA
942 _cPARA
_d1
999 _c201741
_d201741